<?xml version="1.0" encoding="UTF-8"?>
<record
    xmlns:xsi="http://www.w3.org/2001/XMLSchema-instance"
    xsi:schemaLocation="http://www.loc.gov/MARC21/slim http://www.loc.gov/standards/marcxml/schema/MARC21slim.xsd"
    xmlns="http://www.loc.gov/MARC21/slim">

  <leader>01234nam a22002777a 4500</leader>
  <controlfield tag="001">22145</controlfield>
  <controlfield tag="005">20260331152255.0</controlfield>
  <controlfield tag="008">260327b        |||||||| |||| 00| 0 spa d</controlfield>
  <datafield tag="020" ind1=" " ind2=" ">
    <subfield code="a">9786074487367</subfield>
  </datafield>
  <datafield tag="041" ind1=" " ind2=" ">
    <subfield code="a">ESP</subfield>
  </datafield>
  <datafield tag="082" ind1=" " ind2=" ">
    <subfield code="a">616.4</subfield>
    <subfield code="b">A32</subfield>
  </datafield>
  <datafield tag="100" ind1=" " ind2=" ">
    <subfield code="a">Aguilar Salinas, Carlos Alberto</subfield>
    <subfield code="e">AUT</subfield>
  </datafield>
  <datafield tag="245" ind1=" " ind2=" ">
    <subfield code="a">Alex&#xE1;nderson. Fisiolog&#xED;a de los sistemas endocrino y digestivo</subfield>
  </datafield>
  <datafield tag="260" ind1=" " ind2=" ">
    <subfield code="a">Ciudad de M&#xE9;xico :</subfield>
    <subfield code="b">Editorial El Manual Moderno,</subfield>
    <subfield code="c">2019</subfield>
  </datafield>
  <datafield tag="300" ind1=" " ind2=" ">
    <subfield code="a">xviii, 235 p&#xE1;ginas :</subfield>
    <subfield code="b">ilustraciones, cuadros ;</subfield>
    <subfield code="c">28 cm.</subfield>
  </datafield>
  <datafield tag="440" ind1=" " ind2=" ">
    <subfield code="a"> ;</subfield>
  </datafield>
  <datafield tag="650" ind1=" " ind2=" ">
    <subfield code="a">TCA</subfield>
  </datafield>
  <datafield tag="653" ind1=" " ind2=" ">
    <subfield code="a">Medicina; Endocrinolog&#xED;a; Fisiolog&#xED;a humana; Sistema gastrointestinal</subfield>
  </datafield>
  <datafield tag="654" ind1=" " ind2=" ">
    <subfield code="a">CCS</subfield>
  </datafield>
  <datafield tag="700" ind1=" " ind2=" ">
    <subfield code="a">Estradas Trujillo, Jos&#xE9; Alberto</subfield>
    <subfield code="e">AUT</subfield>
  </datafield>
  <datafield tag="700" ind1=" " ind2=" ">
    <subfield code="a">Hern&#xE1;ndez Mart&#xED;nez, Mar&#xED;a Teresa,</subfield>
    <subfield code="e">EDT</subfield>
  </datafield>
  <datafield tag="856" ind1=" " ind2=" ">
    <subfield code="u">https://0u216utua-y-https-accessmedicina-mhmedical-com.itmsp.museknowledge.com/</subfield>
    <subfield code="z">V&#xE9;ase adem&#xE1;s: Base de datos McGraw Hill Access Medicina</subfield>
  </datafield>
  <datafield tag="856" ind1=" " ind2=" ">
    <subfield code="u">https://0u23futzm-y-https-www-clinicalkey-com.itmsp.museknowledge.com/student/login</subfield>
    <subfield code="z">V&#xE9;ase adem&#xE1;s: Base de datos ClinicalKey</subfield>
  </datafield>
  <datafield tag="856" ind1=" " ind2=" ">
    <subfield code="u">https://0u203uu12-y-https-www-uptodate-com.itmsp.museknowledge.com/login</subfield>
    <subfield code="z">V&#xE9;ase adem&#xE1;s: Base de datos UpToDate</subfield>
  </datafield>
  <datafield tag="942" ind1=" " ind2=" ">
    <subfield code="c">LIB</subfield>
    <subfield code="d">JUS</subfield>
    <subfield code="f">MAT</subfield>
    <subfield code="n">0</subfield>
    <subfield code="2">ddc</subfield>
  </datafield>
  <datafield tag="999" ind1=" " ind2=" ">
    <subfield code="c">22145</subfield>
    <subfield code="d">22145</subfield>
  </datafield>
  <datafield tag="952" ind1=" " ind2=" ">
    <subfield code="o">616.4 A32</subfield>
    <subfield code="p">1088235</subfield>
    <subfield code="8">UCSP</subfield>
    <subfield code="t">1</subfield>
    <subfield code="7">0</subfield>
    <subfield code="5">2</subfield>
    <subfield code="b">VAB</subfield>
    <subfield code="a">VAB</subfield>
    <subfield code="c">PBA</subfield>
    <subfield code="d">2026-03-27</subfield>
    <subfield code="e">6</subfield>
    <subfield code="3">Medicina</subfield>
    <subfield code="r">2026-03-27 20:20:00</subfield>
    <subfield code="l">0</subfield>
    <subfield code="w">2026-03-27</subfield>
    <subfield code="y">LIB</subfield>
    <subfield code="1">0</subfield>
    <subfield code="2">ddc</subfield>
    <subfield code="4">0</subfield>
    <subfield code="0">0</subfield>
  </datafield>
</record>
